[Event "Capablanca Memorial op 53rd"]
[Site "Havana"]
[Date "2018.05.17"]
[Round "8"]
[White "Flores Quillas, Diego Saul Rodrigo"]
[Black "Morales Romero, Romaris"]
[Result "1/2-1/2"]
[WhiteElo "2097"]
[BlackElo "2251"]
[PlyCount "136"]
[EventDate "2018.05.09"]
[EventType "swiss"]
[EventRounds "10"]
[EventCountry "CUB"]
[SourceTitle "EXT 2021"]
[Source "ChessBase"]
[SourceDate "2020.10.23"]
[SourceVersion "1"]
[SourceVersionDate "2020.10.23"]
[SourceQuality "1"]

1. e4 c5 2. Nf3 Nc6 3. d4 cxd4 4. Nxd4 Qb6 5. Nb3 Nf6 6. Nc3 e6 7. Be3 Qc7 8. Bd3 a6 9. f4 d6 10. Qf3 Be7 11. 0-0-0 Nb4 12. Kb1 0-0 13. g4 b5 14. g5 Nd7 15. h4 Bb7 16. h5 f5 17. gxf6 Bxf6 18. Qg4 Rac8 19. Rhg1 Rf7 20. e5 Nxd3 21. exf6 Nxf6 22. Qg5 Nb4 23. h6 Nxc2 24. Kxc2 b4 25. Qxg7+ Rxg7 26. Rxg7+ Qxg7 27. hxg7 bxc3 28. bxc3 Nd5 29. Bd2 Kxg7 30. c4 Rd8 31. Na5 Ba8 32. Kb3 Nf6 33. Bb4 d5 34. c5 Kg6 35. Kc3 Kf5 36. Kd4 h5 37. Rc1 Bc6 38. Be1 Kxf4 39. Bd2+ Kg3 40. Ke5 Ne4 41. Be1+ Kg4 42. Kxe6 Re8+ 43. Kf7 Ng5+ 44. Kg7 Re6 45. Bd2 Nf3 46. Kf7 Bd7 47. Bc3 h4 48. Bf6 h3 49. c6 Bc8 50. Bd8 h2 51. Bc7 Ng5+ 52. Kf8 Rh6 53. Bxh2 Rxh2 54. Ke8 Rxa2 55. Kd8 Rxa5 56. Kxc8 Ne6 57. Kd7 Rc5 58. Re1 Kf5 59. Rxe6 d4 60. Rd6 Ke4 61. Re6+ Kd3 62. Rd6 Kc4 63. c7 Rxc7+ 64. Kxc7 a5 65. Kb6 a4 66. Rc6+ Kb3 67. Rd6 Kc3 68. Rc6+ Kb3 1/2-1/2

[Event "Capablanca Memorial op 53rd"]
[Site "Havana"]
[Date "2018.05.15"]
[Round "6"]
[White "Maso Fonseca, Rider"]
[Black "Morales Romero, Romaris"]
[Result "1/2-1/2"]
[WhiteElo "2075"]
[BlackElo "2251"]
[PlyCount "94"]
[EventDate "2018.05.09"]
[EventType "swiss"]
[EventRounds "10"]
[EventCountry "CUB"]
[SourceTitle "EXT 2021"]
[Source "ChessBase"]
[SourceDate "2020.10.23"]
[SourceVersion "1"]
[SourceVersionDate "2020.10.23"]
[SourceQuality "1"]

1. Nf3 Nf6 2. d4 g6 3. e3 Bg7 4. Be2 0-0 5. 0-0 d5 6. c4 c5 7. dxc5 dxc4 8. Qc2 Qc7 9. Bxc4 Bf5 10. Qe2 Qxc5 11. Nd4 Bd7 12. b3 Nc6 13. Rd1 Nxd4 14. exd4 Qh5 15. Qxh5 Nxh5 16. Nc3 Rfd8 17. Bg5 Nf6 18. Rac1 Kf8 19. d5 h6 20. Bf4 Rac8 21. d6 e6 22. a4 Bc6 23. f3 a6 24. Be3 Ne8 25. Ne4 Bxe4 26. d7 Bc6 27. dxc8Q Rxc8 28. Kf2 h5 29. Bg5 Nf6 30. Bd3 Ra8 31. Bxf6 Bxf6 32. Be4 Bxe4 33. fxe4 Be5 34. h3 Ke7 35. Rd3 Rd8 36. Rxd8 Kxd8 37. g4 hxg4 38. hxg4 f5 39. Kf3 fxg4+ 40. Kxg4 Bf6 41. Rh1 Kd7 42. Rh6 Bd4 43. Rxg6 Kd6 44. Kf3 b5 45. axb5 axb5 46. Ke2 b4 47. Kd3 Bc3 1/2-1/2

[Event "Havana Province-ch 1st Cat"]
[Site "Havana"]
[Date "2010.11.08"]
[Round "17"]
[White "Mendez Fortes, Eduardo Jesus"]
[Black "Morales Romero, Romaris"]
[Result "1/2-1/2"]
[WhiteElo "2316"]
[BlackElo "2274"]
[PlyCount "84"]
[EventDate "2010.10.19"]
[EventType "tourn"]
[EventRounds "17"]
[EventCountry "CUB"]
[EventCategory "5"]
[SourceTitle "EXT 2019"]
[Source "ChessBase"]
[SourceDate "2018.10.10"]
[SourceVersion "1"]
[SourceVersionDate "2018.10.10"]
[SourceQuality "1"]

1. e4 e5 2. Nf3 Nc6 3. Bb5 a6 4. Ba4 Nf6 5. 0-0 Be7 6. Re1 b5 7. Bb3 d6 8. c3 0-0 9. h3 Na5 10. Bc2 c5 11. d4 Qc7 12. Nbd2 cxd4 13. cxd4 Bd7 14. Nf1 Rfc8 15. Ne3 Nc4 16. Bd3 Rab8 17. b3 Nxe3 18. Bxe3 Bc6 19. Rc1 Qb7 20. Bg5 h6 21. Bh4 g5 22. Bg3 Bxe4 23. Rxc8+ Rxc8 24. dxe5 Bxf3 25. gxf3 dxe5 26. Rxe5 Ba3 27. Kg2 Qd7 28. Qe2 Rd8 29. Bf5 Qd4 30. Re3 Qc5 31. Be4 Qc1 32. Rd3 Rxd3 33. Qxd3 Qb2 34. Qd8+ Kg7 35. Qc8 Qe2 36. Qf5 Bb2 37. a4 bxa4 38. bxa4 Qc4 39. a5 Nxe4 40. fxe4 Qe6 41. Qxe6 fxe6 42. Bc7 Kf6 1/2-1/2

[Event "Havana Province-ch 1st Cat"]
[Site "Havana"]
[Date "2010.10.21"]
[Round "3"]
[White "Morales Romero, Romaris"]
[Black "Alarcon Casellas, Rolando"]
[Result "1-0"]
[WhiteElo "2274"]
[BlackElo "2388"]
[PlyCount "83"]
[EventDate "2010.10.19"]
[EventType "tourn"]
[EventRounds "17"]
[EventCountry "CUB"]
[EventCategory "5"]
[SourceTitle "EXT 2019"]
[Source "ChessBase"]
[SourceDate "2018.10.10"]
[SourceVersion "1"]
[SourceVersionDate "2018.10.10"]
[SourceQuality "1"]

1. d4 d5 2. c4 e6 3. Nc3 c5 4. cxd5 cxd4 5. Qxd4 Nc6 6. Qd1 exd5 7. Qxd5 Bd7 8. Nf3 Nf6 9. Qb3 Bc5 10. Bg5 0-0 11. Rd1 Ng4 12. e3 Qc8 13. Qd5 Nb8 14. h3 Be6 15. Qd3 Nf6 16. Bxf6 gxf6 17. Qe4 Kg7 18. Nd4 Bxd4 19. Qxd4 Nc6 20. Qh4 Qc7 21. Bd3 h6 22. 0-0 f5 23. e4 fxe4 24. Qxe4 Rh8 25. f4 Rae8 26. f5 Bc8 27. Qg4+ Kf8 28. Kh1 a6 29. Nd5 Qd6 30. Bb1 Rg8 31. Qh5 Rg5 32. Qh4 Kg8 33. f6 Re2 34. Ne7+ Qxe7 35. fxe7 Rxe7 36. Qxh6 Rg7 37. Rfe1 Be6 38. Re4 Rg6 39. Rg4 Bxg4 40. Bxg6 fxg6 41. Qxg6+ Rg7 42. Qe8+ 1-0

[Event "Havana Province-ch 1st Cat"]
[Site "Havana"]
[Date "2010.10.20"]
[Round "2"]
[White "Figueredo Losada, Leonel"]
[Black "Morales Romero, Romaris"]
[Result "1-0"]
[WhiteElo "2343"]
[BlackElo "2274"]
[PlyCount "89"]
[EventDate "2010.10.19"]
[EventType "tourn"]
[EventRounds "17"]
[EventCountry "CUB"]
[EventCategory "5"]
[SourceTitle "EXT 2019"]
[Source "ChessBase"]
[SourceDate "2018.10.10"]
[SourceVersion "1"]
[SourceVersionDate "2018.10.10"]
[SourceQuality "1"]

1. e4 c5 2. Nf3 d6 3. Bc4 Nc6 4. Nc3 g6 5. d4 cxd4 6. Nxd4 Bg7 7. Be3 Nf6 8. f3 0-0 9. Bb3 Bd7 10. Qd2 Na5 11. h4 Rb8 12. h5 Nxb3 13. axb3 a6 14. Bh6 Bxh6 15. Qxh6 e5 16. Nde2 Bc6 17. g4 Qe7 18. 0-0-0 b5 19. Ng3 b4 20. Nce2 Rfd8 21. Rdg1 Qf8 22. Qg5 Qg7 23. Qe3 Kf8 24. f4 exf4 25. Qxf4 Ne8 26. hxg6 hxg6 27. Rf1 Rd7 28. Rh2 a5 29. Qe3 Bb5 30. Rfh1 Bxe2 31. Rh8+ Ke7 32. Nxe2 Qe5 33. Nf4 Rb5 34. R1h7 Kd8 35. Nxg6 fxg6 36. Rxd7+ Kxd7 37. Qa7+ Kc6 38. Qa8+ Rb7 39. Rxe8 Qb5 40. Kb1 Kb6 41. Re6 Qd7 42. Rxg6 Qe7 43. Qh8 Qxe4 44. Qd8+ Kb5 45. Qxd6 1-0

[Event "Capablanca Memorial op 45th"]
[Site "Havana"]
[Date "2010.06.14"]
[Round "5"]
[White "Morales Romero, Romaris"]
[Black "Ris, Robert"]
[Result "1/2-1/2"]
[WhiteElo "2277"]
[BlackElo "2426"]
[PlyCount "82"]
[EventDate "2010.06.10"]
[EventType "swiss"]
[EventRounds "10"]
[EventCountry "CUB"]
[SourceTitle "CBM 137 Extra"]
[Source "ChessBase"]
[SourceDate "2010.09.01"]
[SourceVersion "1"]
[SourceVersionDate "2010.09.01"]
[SourceQuality "1"]

1. d4 d5 2. Nf3 Nf6 3. c4 dxc4 4. e3 e6 5. Bxc4 a6 6. 0-0 Nbd7 7. a4 b6 8. Nc3 Bb7 9. Qe2 Bb4 10. Rd1 0-0 11. Bd2 Qb8 12. Be1 c5 13. Na2 Bxe1 14. Rxe1 Rc8 15. Rac1 b5 16. Bb3 Bxf3 17. Qxf3 bxa4 18. Bxa4 Qxb2 19. Rc2 Qb6 20. Rec1 Ra7 21. e4 e5 22. d5 Rac7 23. Qe2 g6 24. g3 Ne8 25. Nc3 Nd6 26. Rb2 Qa7 27. Ra1 c4 28. Bxd7 Rxd7 29. Qe3 Qxe3 30. fxe3 Nb5 31. Nxb5 axb5 32. Rxb5 c3 33. Rc1 Ra7 34. Rb3 c2 35. Rb2 Rac7 36. Kf2 f5 37. exf5 gxf5 38. d6 Rc6 39. d7 Rd8 40. Rbxc2 Rxc2+ 41. Rxc2 Rxd7 1/2-1/2

[Event "Capablanca Memorial op 45th"]
[Site "Havana"]
[Date "2010.06.12"]
[Round "3"]
[White "Morales Romero, Romaris"]
[Black "Borges Feria, Yasel"]
[Result "0-1"]
[WhiteElo "2277"]
[BlackElo "2426"]
[PlyCount "64"]
[EventDate "2010.06.10"]
[EventType "swiss"]
[EventRounds "10"]
[EventCountry "CUB"]
[SourceTitle "CBM 137 Extra"]
[Source "ChessBase"]
[SourceDate "2010.09.01"]
[SourceVersion "1"]
[SourceVersionDate "2010.09.01"]
[SourceQuality "1"]

1. d4 Nf6 2. Nf3 e6 3. c4 b6 4. g3 Bb7 5. Bg2 Bb4+ 6. Bd2 c5 7. 0-0 0-0 8. Bxb4 cxb4 9. Nbd2 Qc7 10. Ne1 Bxg2 11. Kxg2 d6 12. Nd3 a5 13. Rc1 e5 14. e3 Re8 15. Qa4 exd4 16. exd4 Nc6 17. Nf3 Re4 18. d5 Nd4 19. Nxd4 Rxd4 20. Nxb4 b5 21. Qa3 Rxc4 22. b3 Rxc1 23. Rxc1 Qd7 24. Re1 h5 25. h4 Qb7 26. Nc2 Qxd5+ 27. Kg1 Ng4 28. Qc1 Rc8 29. Re2 Ne5 30. f4 Qd3 31. Qe3 Rxc2 32. Qxd3 Rc1+ 0-1

[Event "Havana Province-ch sf"]
[Site "Havana"]
[Date "2009.08.03"]
[Round "9"]
[White "Gil Suarez, Jose Luis"]
[Black "Morales Romero, Romaris"]
[Result "1/2-1/2"]
[WhiteElo "2285"]
[BlackElo "2262"]
[PlyCount "45"]
[EventDate "2009.07.23"]
[EventType "swiss"]
[EventRounds "9"]
[EventCountry "CUB"]
[EventCategory "1"]
[SourceTitle "EXT 2018"]
[Source "ChessBase"]
[SourceDate "2017.10.13"]
[SourceVersion "1"]
[SourceVersionDate "2017.10.13"]
[SourceQuality "1"]

1. e4 e5 2. Nf3 Nc6 3. Bc4 Bc5 4. c3 Nf6 5. d4 exd4 6. cxd4 Bb4+ 7. Nc3 Nxe4 8. 0-0 Bxc3 9. d5 Bf6 10. Re1 Ne7 11. Rxe4 d6 12. Bg5 Bxg5 13. Nxg5 h6 14. Qe2 hxg5 15. Re1 Be6 16. dxe6 f6 17. Re3 c6 18. Rh3 Rxh3 19. gxh3 g6 20. Qf3 Qa5 21. Rd1 Qe5 22. Qa3 d5 23. Bf1 1/2-1/2

[Event "Havana Province-ch sf"]
[Site "Havana"]
[Date "2009.08.02"]
[Round "8"]
[White "Lopez Vilier, Luis Angel"]
[Black "Morales Romero, Romaris"]
[Result "1/2-1/2"]
[WhiteElo "2243"]
[BlackElo "2262"]
[PlyCount "40"]
[EventDate "2009.07.23"]
[EventType "swiss"]
[EventRounds "9"]
[EventCountry "CUB"]
[EventCategory "1"]
[SourceTitle "EXT 2018"]
[Source "ChessBase"]
[SourceDate "2017.10.13"]
[SourceVersion "1"]
[SourceVersionDate "2017.10.13"]
[SourceQuality "1"]

1. e4 e5 2. Nf3 Nc6 3. Bb5 a6 4. Bxc6 dxc6 5. 0-0 f6 6. d4 exd4 7. Nxd4 c5 8. Nb3 Qxd1 9. Rxd1 Bg4 10. f3 Be6 11. Be3 b6 12. Nc3 c6 13. a4 a5 14. Rd2 Rd8 15. Rad1 Rxd2 16. Rxd2 Nh6 17. Bxh6 gxh6 18. Kf2 Be7 19. Ke3 Rg8 20. g3 Kf7 1/2-1/2

[Event "Havana Province-ch sf"]
[Site "Havana"]
[Date "2009.08.01"]
[Round "7"]
[White "Morales Romero, Romaris"]
[Black "Agra Caballero, Ariel"]
[Result "0-1"]
[WhiteElo "2262"]
[BlackElo "2246"]
[PlyCount "63"]
[EventDate "2009.07.23"]
[EventType "swiss"]
[EventRounds "9"]
[EventCountry "CUB"]
[EventCategory "1"]
[SourceTitle "EXT 2018"]
[Source "ChessBase"]
[SourceDate "2017.10.13"]
[SourceVersion "1"]
[SourceVersionDate "2017.10.13"]
[SourceQuality "1"]

1. d4 d5 2. c4 e6 3. Nc3 Nf6 4. Nf3 Be7 5. Bg5 h6 6. Bxf6 Bxf6 7. e3 c6 8. Bd3 Nd7 9. 0-0 0-0 10. cxd5 exd5 11. Qc2 Re8 12. h3 Nf8 13. Rab1 Ne6 14. b4 a6 15. a4 Qd6 16. b5 axb5 17. axb5 Bd7 18. bxc6 bxc6 19. Rfc1 c5 20. dxc5 Qxc5 21. Rb7 Bc6 22. Rb3 d4 23. exd4 Bxd4 24. Be2 Bxf2+ 25. Kh1 Be3 26. Rcb1 Bxf3 27. Bxf3 Nd4 28. Qd1 Nxb3 29. Bxa8 Nd2 30. Na4 Qc4 31. Nb6 Qd3 32. Rb4 0-1

[Event "Havana Province-ch sf"]
[Site "Havana"]
[Date "2009.07.31"]
[Round "6"]
[White "Morales Romero, Romaris"]
[Black "Ibanez Milian, Dagoberto"]
[Result "1/2-1/2"]
[WhiteElo "2262"]
[BlackElo "2236"]
[PlyCount "47"]
[EventDate "2009.07.23"]
[EventType "swiss"]
[EventRounds "9"]
[EventCountry "CUB"]
[EventCategory "1"]
[SourceTitle "EXT 2018"]
[Source "ChessBase"]
[SourceDate "2017.10.13"]
[SourceVersion "1"]
[SourceVersionDate "2017.10.13"]
[SourceQuality "1"]

1. e4 c5 2. Nf3 d6 3. d4 cxd4 4. Nxd4 Nf6 5. Nc3 a6 6. Be3 Ng4 7. Bg5 h6 8. Bh4 g5 9. Bg3 Bg7 10. h3 Nf6 11. Qf3 Qb6 12. 0-0-0 Nc6 13. Nxc6 Qxc6 14. Be2 Qc5 15. e5 dxe5 16. Rhe1 e4 17. Nxe4 Nxe4 18. Qxe4 Bf5 19. Bd6 Bxe4 20. Bxc5 Bf6 21. Bg4 Bxg2 22. Bxe7 Bxe7 23. Rd7 0-0 24. Rdxe7 1/2-1/2

[Event "Havana Province-ch sf"]
[Site "Havana"]
[Date "2009.07.30"]
[Round "5"]
[White "Fernandez Hernandez, Arturo Augusto"]
[Black "Morales Romero, Romaris"]
[Result "0-1"]
[WhiteElo "2270"]
[BlackElo "2262"]
[PlyCount "122"]
[EventDate "2009.07.23"]
[EventType "swiss"]
[EventRounds "9"]
[EventCountry "CUB"]
[EventCategory "1"]
[SourceTitle "EXT 2018"]
[Source "ChessBase"]
[SourceDate "2017.10.13"]
[SourceVersion "1"]
[SourceVersionDate "2017.10.13"]
[SourceQuality "1"]

1. e4 c5 2. Nf3 d6 3. d4 cxd4 4. Nxd4 Nf6 5. Nc3 g6 6. Be3 Bg7 7. f3 Nc6 8. Qd2 0-0 9. Bc4 Bd7 10. h4 Rc8 11. Bb3 h5 12. 0-0-0 Ne5 13. Bh6 Bxh6 14. Qxh6 Rxc3 15. bxc3 Qc7 16. Kb1 a5 17. a4 b5 18. axb5 a4 19. Ba2 Rb8 20. Qe3 Bxb5 21. Nxb5 Rxb5+ 22. Kc1 Rc5 23. Kd2 d5 24. Qd4 dxe4 25. fxe4 Rxc3 26. Ke1 Kg7 27. Rd2 Neg4 28. e5 Ne4 29. e6+ Ngf6 30. Rh3 Rxc2 31. Rxc2 Qxc2 32. Bc4 a3 33. exf7 a2 34. f8Q+ Kxf8 35. Qd8+ Ne8 36. Rf3+ N4f6 37. Bxa2 Qxa2 38. Re3 e5 39. Qb8 e4 40. Qb4+ Kg8 41. Re2 Qe6 42. Rd2 Kf7 43. Qb7+ Qe7 44. Qb3+ Kg7 45. Ra2 Qc5 46. Ke2 Nd6 47. Rc2 Qa7 48. Qg3 Ng4 49. Qc3+ Kg8 50. Qc5 Qxc5 51. Rxc5 Kf7 52. Ra5 Ke6 53. Ra6 Ke5 54. g3 Nf6 55. Ra7 Nf5 56. Ra5+ Nd5 57. Kf2 e3+ 58. Kf3 Nd4+ 59. Kg2 Ke4 60. Ra3 e2 61. Kf2 e1Q+ 0-1

[Event "Moncada op 6th"]
[Site "Santiago de Cuba"]
[Date "2009.05.22"]
[Round "6"]
[White "Cabrera Ladron de Guevara, Mayra"]
[Black "Morales Romero, Romaris"]
[Result "0-1"]
[WhiteElo "1950"]
[BlackElo "2312"]
[PlyCount "68"]
[EventDate "2009.05.16"]
[EventType "swiss"]
[EventRounds "9"]
[EventCountry "CUB"]
[SourceTitle "CBM 130 Extra"]
[Source "ChessBase"]
[SourceDate "2009.07.02"]
[SourceVersion "2"]
[SourceVersionDate "2009.07.15"]
[SourceQuality "1"]

1. e4 c5 2. Nf3 d6 3. Bb5+ Bd7 4. Bxd7+ Qxd7 5. c4 Qg4 6. Nc3 Qxg2 7. Rg1 Qh3 8. Ng5 Qd7 9. d3 g6 10. Qf3 e6 11. h4 h6 12. Nh3 Nc6 13. Be3 Bg7 14. h5 g5 15. Qe2 Nd4 16. Bxd4 Bxd4 17. Rg2 Be5 18. 0-0-0 Nf6 19. Kb1 a6 20. Rf1 0-0-0 21. f4 gxf4 22. Nxf4 Rdg8 23. Rgf2 Bd4 24. Rf3 Rg7 25. Qh2 Rhg8 26. Nfe2 Be5 27. Qh3 Qd8 28. R1f2 Rg5 29. Qf1 Ng4 30. Rxf7 Nxf2 31. Qxf2 R5g7 32. a3 Rxf7 33. Qxf7 Qe8 34. Qf3 Rg5 0-1

[Event "Moncada op 6th"]
[Site "Santiago de Cuba"]
[Date "2009.05.16"]
[Round "1"]
[White "Borges Feria, Yasel"]
[Black "Morales Romero, Romaris"]
[Result "1/2-1/2"]
[WhiteElo "2403"]
[BlackElo "2312"]
[PlyCount "46"]
[EventDate "2009.05.16"]
[EventType "swiss"]
[EventRounds "9"]
[EventCountry "CUB"]
[SourceTitle "CBM 130 Extra"]
[Source "ChessBase"]
[SourceDate "2009.07.02"]
[SourceVersion "2"]
[SourceVersionDate "2009.07.15"]
[SourceQuality "1"]

1. e4 c5 2. Nf3 d6 3. d4 cxd4 4. Nxd4 Nf6 5. Nc3 g6 6. g3 Nc6 7. Nde2 Bg7 8. Bg2 0-0 9. h3 Rb8 10. a4 a6 11. Nd5 b5 12. axb5 axb5 13. Bg5 Nd7 14. Qc1 Re8 15. 0-0 Nc5 16. Rd1 Bd7 17. Bh6 Bh8 18. Be3 Qc8 19. Kh2 b4 20. Bg5 Ne6 21. Be3 Nc5 22. Bg5 Ne6 23. Be3 Nc5 1/2-1/2

[Event "Havana Guillermo Soto Memorial"]
[Site "Havana"]
[Date "2007.06.25"]
[Round "2"]
[White "Morales Romero, Romaris"]
[Black "Leonard Torres, Pedro"]
[Result "1/2-1/2"]
[WhiteElo "2234"]
[BlackElo "2232"]
[PlyCount "24"]
[EventDate "2007.06.18"]
[EventType "tourn"]
[EventRounds "14"]
[EventCountry "CUB"]
[SourceTitle "EXT 2019"]
[Source "ChessBase"]
[SourceDate "2018.10.10"]
[SourceVersion "1"]
[SourceVersionDate "2018.10.10"]
[SourceQuality "1"]

1. e4 c5 2. Nc3 Nc6 3. g3 g6 4. Bg2 Bg7 5. d3 d6 6. f4 e6 7. Nf3 Nge7 8. 0-0 0-0 9. Be3 Nd4 10. e5 Nef5 11. Bf2 Nxf3+ 12. Qxf3 Nd4 1/2-1/2

[Event "Havana Provincial"]
[Site "Havana"]
[Date "1999.??.??"]
[Round "?"]
[White "Garcia Carey, Osmel"]
[Black "Morales Romero, Romaris"]
[Result "0-1"]
[WhiteElo "2210"]
[BlackElo "2350"]
[PlyCount "84"]
[EventDate "1999.??.??"]
[EventType "tourn"]
[EventRounds "15"]
[EventCountry "CUB"]
[SourceTitle "EXT 2000"]
[Source "ChessBase"]
[SourceDate "1999.11.16"]
[SourceVersion "1"]
[SourceVersionDate "1999.11.16"]
[SourceQuality "1"]

1. d4 Nf6 2. Nf3 g6 3. Nc3 d5 4. Bf4 a6 5. e3 b6 6. Be2 Bb7 7. 0-0 Bg7 8. a4 c5 9. a5 cxd4 10. exd4 b5 11. Ne5 Nfd7 12. Nxd7 Qxd7 13. Bg4 e6 14. Bxb8 Rxb8 15. Na2 0-0 16. c3 Qc7 17. Nb4 e5 18. dxe5 Bxe5 19. Nxd5 Bxh2+ 20. Kh1 Qd6 21. Ne3 Qf4 22. Bh3 Rfd8 23. Qb3 Rd2 24. Ng4 Rd3 25. Ne3 h5 26. Qc2 Rbd8 27. Rad1 Rxd1 28. Rxd1 Rxd1+ 29. Nxd1 g5 30. Qf5 g4 31. Qd7 Be4 32. Qd8+ Kh7 33. Bxg4 Qxg4 34. Ne3 Qh3 35. Qe8 Bf4+ 36. Kg1 Qh2+ 37. Kf1 Bg6 38. Nf5 Qh1+ 39. Ke2 Qxg2 40. Ne7 Qe4+ 41. Kf1 Qd3+ 42. Kg1 Qd1+ 0-1